Movies Quiz

Random Movies or Disney Quiz

Disney Movies by Song Lyrics Quiz Stats

 Plays Quiz not verified by Sporcle

Challenge
Share
Tweet
Embed
Score 0/27 Timer 04:00
0 Plays Today
Song lyric Movie % Correct
Put our service to the test...Beauty and the Beast
82.1%
I walked with you once upon a dream...Sleeping Beauty
79.9%
Legs are required for jumping, dancing...The Little Mermaid
78.2%
I'm gonna be the main event...The Lion King
74.4%
Steady as the beating drum...Pocahontas
72.6%
We must be swift as a coursing river...Mulan
70.5%
Floating in a blue lagoon...The Little Mermaid
64.1%
No matter how your heart is grieving...Cinderella
61.1%
My words are a matter of pride...The Lion King
57.3%
Why should I worry?...Oliver and Company
56.8%
Trust your heart, let fate decide...Tarzan
56%
Where it's flat and immense and heat is intense...Aladdin
49.6%
Hockety pockety wockety wack...The Sword in the Stone
45.3%
Where a million diamonds shineSnow White
41.9%
Song lyric Movie % Correct
But after time has worn away the shock...101 Dalmatians
40.6%
When that moment has passed, will that friendship last?The Fox and the Hound
39.7%
Boys, our friendship will never die...Toy Story
39.7%
I have but one song...Snow White
33.8%
When there's a smile in your heart...Peter Pan
32.5%
I've heard some corny birds who tried to sing...The Aristocats
30.8%
And I wish that I could travel his way...Lady and the Tramp
29.9%
Now blow the candle out my dear...Alice in Wonderland
29.5%
Tomorrow is another day...The Rescuers
22.2%
And when you're lost, in dire need...The Jungle Book
15.4%
Where the critters are tied up in chains...The Rescuers Down Under
12.4%
Take the straight and narrow path...Pinnochio
12%
You deserve a mutual reaction...The Fox and the Hound
11.1%

You're not logged in!

Compare scores with friends on all Sporcle quizzes.
OR
Log In

You Might Also Like...

Show Comments

Extras

Top Quizzes Today


Score Distribution

Your Account Isn't Verified!

In order to create a playlist on Sporcle, you need to verify the email address you used during registration. Go to your Sporcle Settings to finish the process.

Report this User

Report this user for behavior that violates our Community Guidelines.

Details: